Historical French Flags - Statistics

General Stats
  • This quiz has been taken 35 times
  • The average score is 20 of 35
Answer Stats
Picture Answer % Correct
German Reich
91%
{Kingdom} of France | {First} French Republic
91%
England
88%
German Empire
88%
Holy Roman Empire
88%
Corsica
84%
Kingdom of {Corsica}
84%
Basque
78%
Brittany
78%
Duchy of {Brittany}
78%
Duchy of {Normandy}
75%
{Kingdom} of France
72%
{Paris} Commune
69%
Free France
66%
Catalonia
63%
Duchy of {Savoy}
63%
{Fifth} French Republic
63%
Duchy of {Burgundy}
59%
House of Bourbon
59%
Napoleon I
59%
Napoleon III
59%
Bourbon Flag
56%
Republic of {Alsace-Lorraine}
50%
Occitania
47%
Duchy of {Aquitaine}
41%
County of {Provence}
31%
Louis-Philippe I
31%
Louis XIV
31%
Louis XVIII | Charles X
31%
Louis XV | Louis XVI
31%
County of {Nice}
22%
County of {Foix}
13%
Prince-Bishopric of {Strasbourg}
9%
Catholic League
6%
Huguenots
3%
No matching quizzes found
Score Distribution
Percent of People with Each Score
Percentile by Number Answered
Your Score History
You have not taken this quiz